| 000 | 00498nam a2200157Ia 4500 | ||
|---|---|---|---|
| 008 | 230907s9999||||xx |||||||||||||| ||und|| | ||
| 082 |
_a624.1 _bMUS |
||
| 100 |
_aMusannif Shah (00000204307) _9116502 |
||
| 245 | 0 | _aDesign, modeling and optimization of solar absorption cooling system for cold storages in Pakistan / | |
| 260 |
_aUSPCAS-E, NUST, _bIslamabad : _c2020 |
||
| 300 | _a68 p. | ||
| 520 | _aTH-202 | ||
| 650 | _aMS-TEE Thesis MS Thesis | ||
| 700 | _aDr Adeel Javed | ||
| 942 |
_cTHE _2ddc |
||
| 999 |
_c601881 _d601881 |
||